000 00513nam a22001817a 4500
003 NUST - PNEC
005 20170116181025.0
008 150916b xxu||||| |||| 00| 0 eng d
020 _a9788120307605
020 _a0134806344
040 _cLIBRARY
082 _a621.38043 JOH
100 _910786
_aJohnson, Johnny Ray
245 _a Introduction to digital signal processing
_cJohnny Ray Johnson
260 _cc 1989
650 _98719
_aSignal processing--Digital techniques
_xMIS, EE
942 _2ddc
_cBK
999 _c67527
_d67527